Vista normal
Vista MARC
Entrada Personal Name
Número de registros utilizados en: 1
001 - CONTROL NUMBER
- control field: 2120
003 - CONTROL NUMBER IDENTIFIER
- control field: DLC
005 - DATE AND TIME OF LATEST TRANSACTION
- control field: 20250422163759.0
008 - FIXED-LENGTH DATA ELEMENTS
- fixed length control field: 791207n| acannaab| |n aaa |||
010 ## - LIBRARY OF CONGRESS CONTROL NUMBER
- LC control number: n 79140121
040 ## - CATALOGING SOURCE
- Original cataloging agency: DLC
- Transcribing agency: Mx-PuUPA
- Modifying agency: DLC
- Modifying agency: Mx-PuUPA
- Language of cataloging: spa
- Description conventions: rda
046 ## - SPECIAL CODED DATES
- Birth date: 1940
100 10 - HEADING--PERSONAL NAME
- Personal name: Olds, Sally B.,
- Dates associated with a name: 1940-
374 ## - OCCUPATION
- Occupation: Autor
375 ## - GENDER
- Gender: mujer
377 ## - ASSOCIATED LANGUAGE
- Language code: eng
670 ## - SOURCE DATA FOUND
- Source citation: Obstetric nursing, c1980 (a.e.)
- Information found: t.p. (Sally B. Olds) CIP data sheet (b. 9/2/40)
670 ## - SOURCE DATA FOUND
- Source citation: Ladewig, P.A. Essentials of maternal-newborn nursing, c1990:
- Information found: CIP t.p. (Sally Brookens Olds, RNC, MS; assoc. prof., Beth-El Coll. of Nursing, Colorado Springs, CO)